Music Quiz

Random Music or Lyrics Quiz

Figure Out the Lyrics (Dillon Francis) Quiz Stats

 Plays Quiz not verified by Sporcle

Challenge
Share
Tweet
Embed
Score 0/223 Timer 07:00
0 Plays Today
Lyrics % Correct
the
91.9%
the
91.9%
the
91.9%
the
91.9%
the
91.9%
Get
82.6%
get
82.6%
get
82.6%
get
82.6%
Get
82.6%
get
82.6%
get
82.6%
get
82.6%
Get
82.6%
get
82.6%
get
82.6%
get
82.6%
Get
82.6%
get
82.6%
get
82.6%
get
82.6%
Get
82.6%
get
82.6%
get
82.6%
get
82.6%
Get
82.6%
get
82.6%
get
82.6%
get
82.6%
Get
82.6%
get
82.6%
get
82.6%
get
82.6%
Get
82.6%
get
82.6%
get
82.6%
get
82.6%
Get,
82.6%
get,
82.6%
get,
82.6%
get,
82.6%
Get,
82.6%
get,
82.6%
get
82.6%
Get,
82.6%
get,
82.6%
get
82.6%
Get,
82.6%
get,
82.6%
get.
82.6%
Get
82.6%
Get
82.6%
get
82.6%
get
82.6%
get
82.6%
Get
82.6%
get
82.6%
get
82.6%
get
82.6%
Get
82.6%
get
82.6%
get
82.6%
get
82.6%
Get
82.6%
get
82.6%
get
82.6%
get
82.6%
Get
82.6%
get
82.6%
get
82.6%
get
82.6%
Get
82.6%
get
82.6%
get
82.6%
get
82.6%
Lyrics % Correct
Get
82.6%
get
82.6%
get
82.6%
get
82.6%
Get
82.6%
get
82.6%
get
82.6%
get
82.6%
Get,
82.6%
get,
82.6%
get,
82.6%
get
82.6%
Get,
82.6%
get,
82.6%
get
82.6%
Get,
82.6%
get,
82.6%
get.
82.6%
Get
82.6%
Get,
82.6%
get,
82.6%
get.
82.6%
Get
82.6%
when
81.4%
when
81.4%
when
81.4%
when
81.4%
when
81.4%
low,
76.7%
low.
76.7%
low,
76.7%
low.
76.7%
low,
76.7%
low.
76.7%
low,
76.7%
low.
76.7%
low,
76.7%
low.
76.7%
low,
76.7%
low.
76.7%
low,
76.7%
low.
76.7%
low,
76.7%
low.
76.7%
Low
76.7%
low
76.7%
low
76.7%
low
76.7%
low
76.7%
low
76.7%
low
76.7%
low
76.7%
low
76.7%
low
76.7%
low
76.7%
low
76.7%
low
76.7%
low
76.7%
low
76.7%
low
76.7%
low
76.7%
low
76.7%
low
76.7%
low
76.7%
low
76.7%
low
76.7%
low
76.7%
low
76.7%
low
76.7%
low
76.7%
low
76.7%
low.
76.7%
low
76.7%
low
76.7%
low
76.7%
Lyrics % Correct
low.
76.7%
low,
76.7%
low.
76.7%
low,
76.7%
low.
76.7%
low,
76.7%
low.
76.7%
low,
76.7%
low.
76.7%
low,
76.7%
low.
76.7%
low,
76.7%
low.
76.7%
low,
76.7%
low.
76.7%
low,
76.7%
low.
76.7%
Low
76.7%
low
76.7%
low
76.7%
low
76.7%
low
76.7%
low
76.7%
low
76.7%
low
76.7%
low
76.7%
low
76.7%
low
76.7%
low
76.7%
low
76.7%
low
76.7%
low
76.7%
low
76.7%
low
76.7%
low
76.7%
low
76.7%
low
76.7%
low
76.7%
low
76.7%
low
76.7%
low
76.7%
low
76.7%
low
76.7%
low
76.7%
low
76.7%
low
76.7%
low
76.7%
low,
76.7%
low,
76.7%
low,
76.7%
low,
76.7%
low,
76.7%
low,
76.7%
low,
76.7%
low...
76.7%
low,
76.7%
low,
76.7%
low,
76.7%
low,
76.7%
low,
76.7%
low,
76.7%
low,
76.7%
low...
76.7%
whistle
70.9%
blow.
70.9%
whistle
70.9%
blow.
70.9%
whistle
70.9%
blow.
70.9%
whistle
70.9%
blow.
70.9%
whistle
70.9%
blow.
70.9%

You're not logged in!

Compare scores with friends on all Sporcle quizzes.
OR
Log In

You Might Also Like...

Show Comments

Extras

Top Quizzes Today


Score Distribution

Your Account Isn't Verified!

In order to create a playlist on Sporcle, you need to verify the email address you used during registration. Go to your Sporcle Settings to finish the process.

Report this User

Report this user for behavior that violates our Community Guidelines.

Details: